000 01284cad a22002175a 4500
001 L142937
008 080319s2008 xxk f 000 0 eng d
035 _a(Sirsi) u142937
041 0 _aeng
050 0 4 _a333.73 $2 18
110 2 _aEnglish Partnerships
_91764
245 0 4 _aThe brownfield guide
_ba practitioner's guide to land reuse in England
_h[electronic resource]
260 _aLondon
_bEnglish Partnerships
_c2008
520 _aProvides guidance on how brownfield sites should best be considered for reuse. Sets out the best practice approach used by English Partnerships, which acknowledges that not all land is suitable for redevelopment. Includes a definition of brownfield land. Describes common problems and constraints associated with it. Sets out best practice regarding how to achieve the most common goals associated with redevelopment needs. Describes the regulatory framework currently in place.
521 2 _aAdvanced
590 _aKA
651 4 _aUnited Kingdom
_y
690 _aPROPERTY-PROPERTY MANAGEMENT-REGENERATION
856 4 0 _uhttps://collections.europarchive.org/tna/20100911035042/http://www.englishpartnerships.co.uk/landsupplypublications.htm
_zView the item free of charge in the archived version of English Partnerships website
942 _n0
999 _c108022
_d108022